00347nam a2200121 a 4500008004100000050001600041100001700057245007100074260003100145300002300176350000900199700001700208120416s1981 ||||||||||||||||| || u aHG 4026 Poc aPocock, M. A10aHandbook of financial planning and controlcedited by M. A. Pocock aHants, [Eng.]bGowerc1981 axxii, 423p. : ill. a0.00 aTaylor, A. H